000
00473nam a2200181Ia 4500
008
100917s9999 xx 000 0 und d
082
_b
9826
100
_a
जहागिरदार गजानन
245
_a
संध्याकाळ
260
_b
---
300
_a
117
365
_b
10
520
_a
चरित्र
630
_a
संध्याकाळ
650
_a
चरित्र
730
_a
संध्याकाळ
942
_c
BOOK
999
_c
615220
_d
615217